Técnicas de dirección de personal (Registro nro. 2566)

Detalles MARC
000 -LEADER
fixed length control field 01344 a2200205 4500
001 - CONTROL NUMBER
control field 35549
005 - DATE AND TIME OF LATEST TRANSACTION
control field 20260407155636.0
008 - FIXED-LENGTH DATA ELEMENTS--GENERAL INFORMATION
fixed length control field 260407a1979 arg spa d
003 - CONTROL NUMBER IDENTIFIER
control field AR-UNSa-BCEJYS
040 ## - CATALOGING SOURCE
Original cataloging agency AR-UNSa-BCEJYS
Language of cataloging spa
Transcribing agency AR-UNSa-BCEJYS
080 ## - UNIVERSAL DECIMAL CLASSIFICATION NUMBER
Universal Decimal Classification number 658.012.32
Common auxiliary subdivision Formas de organización, de gestión
020 ## - INTERNATIONAL STANDARD BOOK NUMBER
International Standard Book Number 968-18-0264-0
100 1# - MAIN ENTRY--PERSONAL NAME
Personal name Lucas Ortueta, Ramón de
245 10 - TITLE STATEMENT
Title Técnicas de dirección de personal
Name of part/section of a work manual de personal
264 #1 - PRODUCTION, PUBLICATION, DISTRIBUTION, MANUFACTURE, AND COPYRIGHT NOTICE
Place of production, publication, distribution, manufacture México :
Name of producer, publisher, distributor, manufacturer Limusa
Date of production, publication, distribution, manufacture, or copyright notice 1979
300 ## - PHYSICAL DESCRIPTION
Extent 471 p.
Dimensions 23 cm.
505 ## - FORMATTED CONTENTS NOTE
Formatted contents note 1. Administración de personal - 2. Admisión y contratación de personal - 3. Métodos modernos de selección del personal - 4. Formación del personal - 5. Vinculación a la empresa - 6. Valoración de tareas - 7. Métodos de estimación de tareas - 8. El sistema de puntos aplicados a la evaluación de tareas - 9. Inventario del potencial humano - 10. Estructura de salarios - 11. Escalas de salarios - 12. Administración de salarios - 13. Estímulos verticales - 14. Sistemas modernos de incentivos - 15. Servicios y beneficios complementarios - 16. Sistema de información - 17. Ética y espiritu de equipo - 18. Organización formal e informal - 19. Relaciones laborales - 20. Normas y reglamentos - 21. Factores fisiológicos - 22. Ruidos.
590 ## - LOCAL NOTE (RLIN)
Local note niveau_biblio:m niveau_hierar:0
942 ## - ADDED ENTRY ELEMENTS (KOHA)
Koha item type
Existencias
Withdrawn status Lost status Damaged status Not for loan Home library Current library Shelving location Date acquired Total checkouts Full call number Barcode Date last seen Price effective from Koha item type
        Biblioteca Prof. Eusebio Cleto del Rey Biblioteca Prof. Eusebio Cleto del Rey   07/04/2026   658.012.32 L933 L33897 07/04/2026 07/04/2026 Libro
        Biblioteca Prof. Eusebio Cleto del Rey Biblioteca Prof. Eusebio Cleto del Rey   07/04/2026   658.012.32 L933 L33825 07/04/2026 07/04/2026 Libro